Manual de orientación educativa

Kaydedildi:
Detaylı Bibliyografya
Yazar: Gordillo Álvarez-Valdés, María Victoria (Yazar)
Materyal Türü: Kitap
Dil:İspanyolca
Baskı/Yayın Bilgisi: Madrid Alianza 1986
Edisyon:1a. ed
Seri Bilgileri:Alianza Universidad Textos, 121
Konular:
Etiketler: Etiketle
Etiket eklenmemiş, İlk siz ekleyin!

MARC

LEADER 00000nam a2200000 a 4500
001 UCW7360
003 CL-VaPUC
008 921111e19860000SP |||||||||||||||||spa|d
020 |a 8420681210 
082 0 4 |a 371.42  |b GOR  |2 21 
100 |a Gordillo Álvarez-Valdés, María Victoria  |e author  |9 463667 
245 1 0 |a Manual de orientación educativa 
250 |a 1a. ed 
300 |a 211 p 
942 |c BK 
945 |d 19921111 00:00:00 
260 |a Madrid  |b Alianza  |c 1986 
650 7 |a ORIENTACION EDUCACIONAL  |2 CL-VaPUC  |9 312512 
583 |a last modification  |c 19921111 00:00:00  |k Rodrigo Vera 
490 0 |a Alianza Universidad Textos, 121 
999 |c 220146  |d 220144 
952 |0 0  |1 0  |4 0  |6 371_420000000000000_GOR_1986  |7 0  |8 P  |9 211998  |a BIBEDU  |b BIBEDU  |c BIBEDU_PB  |d 2019-11-15  |i 2802236  |o 371.42 GOR 1986  |p 2802236  |r 2024-01-25  |w 2019-11-15  |y BK  |k EDU 
952 |0 0  |1 0  |4 0  |6 371_420000000000000_GOR_1986  |7 0  |8 P  |9 211999  |a BIBEDU  |b BIBEDU  |c BIBEDU_PB  |d 2019-11-15  |i 4693329  |o 371.42 GOR 1986  |p 4693329  |r 2024-01-25  |w 2019-11-15  |y BK  |k EPE